000 00619nam a22002297a 4500
005 20210928055116.0
008 210928b ||||| |||| 00| 0 eng d
020 _a81-85151-67-9
040 _cAL
041 _aeng
082 _223
_a335
_bBOSC
100 _aPradip Bose
_9438
245 _aContemporary socialism:an analysis
260 _aNew Delhi
_bHarman Publishing House
_c1992
300 _a188 p.
_bHB
_c22x14 cm
365 _b₹200.00
_c
_d₹200.00
650 _aSocialism
_9439
700 _aBOSE (Pradip)
_9440
700 _aVIVEKANANDAN (B)
_9441
700 _aPANDA (K K)
_9442
942 _2ddc
_cGF
999 _c216406
_d216406